02533cam a2200301Ia 45000010006000000050017000060080041000230350024000640400044000880200018001320200015001500350021001650430012001860820016001981000026002142450080002402600037003203000039003575000077003965040066004735200983005395050505015226500035020276510053020626000035021156000034021506500047021845072920230411090005.0070417r2006 nyuab b 001 0 eng d a(OCoLC)ocn123169001 aGO3cGO3dBAKERdYDXCPdBTCTAdIUIdVP@ a9780143111979 a0143111973 a(OCoLC)123169001 an-us-ma04a973.2/22221 aPhilbrick, Nathaniel.10aMayflower :ba story of courage, community, and war /cNathaniel Philbrick. aNew York :bPenguin Books,c2006 axv, 463 p. :bill., maps ;c21 cm. aFirst published in the United States of America by Viking Penguin, 2006. aIncludes bibliographical references (p. [417]-445) and index. aFrom the perilous ocean crossing to the shared bounty of the first Thanksgiving, the Pilgrim settlement of New England has become enshrined as our most sacred national myth. Yet, as author Philbrick reveals, the true story of the Pilgrims is much more than the well-known tale of piety and sacrifice; it is a 55-year epic. The Mayflower's religious refugees arrived in Plymouth Harbor during a period of crisis for Native Americans, as disease spread by European fishermen devastated their populations. Initially the two groups maintained a fragile working relationship. But within decades, New England erupted into King Philip's War, a savage conflict that nearly wiped out colonists and natives alike, and forever altered the face of the fledgling colonies and the country that would grow from them. Philbrick has fashioned a fresh portrait of the dawn of American history--dominated right from the start by issues of race, violence, and religion.--From publisher description.0 aDiscovery: 1. They knew they were pilgrims -- 2. Dangerous shoals and roaring breakers -- 3. Into the void -- 4. Beaten with their own rod -- 5. The heart of the winter -- 6. In the dark and dismal swamp -- 7. Thanksgiving -- Accommodation: 8. The wall -- 9. A ruffling course -- Community: -- 10. One small candle -- 11. The ancient mother -- 12. The trial -- War: 13. Kindling the flame -- 14. The god of armies -- 15. In a strange way -- 16. The better side of the hedge -- Epilogue : Conscience. 0aPilgrims (New Plymouth Colony) 0aMassachusettsxHistoryyNew Plymouth, 1620-1691.10aBradford, William,d1590-1657.10aChurch, Benjamin,d1639-1718. 0aIndians of North AmericaxWarsy1600-1750.